000 00346 a2200157 4500
001 72148
020 _a
040 _cAnchieta - Colégio São Paulo
100 _aRibeiro, Haroldo
240 1 0 _a5S para crianças
_lpor
245 1 0 _a5S para crianças
300 _a46
362 0 _a1995
650 4 _aLiteratura infanto-juvenil
942 _cBK
999 _c72148
_d72148